[Event "AUTO-MASTER-1714"]
[Site "http://www.queenalice.com/game.php?id=1093772"]
[Date "2012.8.16"]
[Round "1"]
[White "rodriguesr"]
[Black "armart"]
[Result "0-1"]
[WhiteElo "2177"]
[BlackElo "2210"]

1. d4 d5 2. c4 c6 3. Nc3 e6 4. Nf3 Nf6 5. Bg5 dxc4 6. e4 b5 7. e5 h6 8. Bh4 g5
9. Nxg5 hxg5 10. Bxg5 Nbd7 11. g3 Bb7 12. Bg2 Qc7 13. exf6 O-O-O 14. O-O Bh6 15.
f4 Bxg5 16. fxg5 Ne5 17. b3 Qb6 18. Ne2 c5 19. d5 Bxd5 20. Bxd5 Rxd5 21. Qc2
cxb3 22. axb3 c4+ 23. Kg2 Ng4 0-1

[Event "AUTO-MASTER-1714"]
[Site "http://www.queenalice.com/game.php?id=1093789"]
[Date "2012.8.16"]
[Round "1"]
[White "rodriguesr"]
[Black "Redtom"]
[Result "1-0"]
[WhiteElo "2189"]
[BlackElo "2003"]

1. d4 f5 2. c4 Nf6 3. Nc3 g6 4. g3 Bg7 5. Bg2 O-O 6. Nf3 d6 7. O-O c6 8. d5 Qe8
9. Rb1 e5 10. dxe6 Qxe6 11. b3 Na6 12. Ba3 Rd8 13. e3 Ng4 14. Nd4 Qf6 15. Nce2
h6 16. Qd2 Nc7 17. Rfd1 d5 18. Qc2 g5 19. Bb2 Qf7 20. Nf3 Be6 21. cxd5 Nxd5 22.
Nfd4 Rac8 23. Nxe6 Qxe6 24. Nd4 Bxd4 25. Bxd4 b6 26. Ba1 Ngf6 27. Qb2 Kf7 28.
Rbc1 Rd6 29. Qb1 Re8 30. Bh3 g4 31. Bg2 Ne4 32. Bxe4 Qxe4 33. Qb2 Rg8 34. Rd4
Qe6 35. Rdc4 Nxe3 36. fxe3 Qxe3+ 37. Qf2 Qg5 38. Rxc6 Rgd8 39. Rxd6 Rxd6 40.
Rc7+ Kf8 41. Rc8+ Kf7 42. Qe1 Qe7 43. Qxe7+ Kxe7 44. Bc3 Rd1+ 45. Kf2 Rh1 46.
Kg2 Rd1 47. Rc4 Rd7 48. Rd4 Rc7 49. Bb4+ Ke8 50. h3 a5 51. Bd2 gxh3+ 52. Kxh3
Rc2 53. a4 Rb2 54. Rd3 Rb1 55. Be3 1-0

[Event "AUTO-MASTER-1714"]
[Site "http://www.queenalice.com/game.php?id=1093790"]
[Date "2012.8.16"]
[Round "1"]
[White "Redtom"]
[Black "rodriguesr"]
[Result "0-1"]
[WhiteElo "1993"]
[BlackElo "2183"]

1. e4 c5 2. Nf3 d6 3. Bb5+ Nd7 4. O-O Nf6 5. Re1 e5 6. c3 a6 7. Bxd7+ Bxd7 8. d4
cxd4 9. cxd4 Qc7 10. Nc3 Be7 11. Bg5 O-O 12. Bxf6 Bxf6 13. Nd5 Qd8 14. Rc1 Bc6
15. Nxf6+ Qxf6 16. d5 Bd7 17. Qb3 b5 18. Rc7 Bg4 19. Nd2 Rfc8 20. Rec1 Qd8 21.
Qc3 Kf8 22. Nf1 Ke8 23. Ng3 g6 24. f4 Rxc7 25. Qxc7 Qxc7 26. Rxc7 exf4 27. Nf1
Bd7 28. Nd2 Kd8 29. Rc3 Rc8 30. Nf3 h6 31. Nd4 Rc4 32. Rxc4 bxc4 33. h4 Kc7 34.
Kf2 Kb6 35. Kf3 g5 36. hxg5 hxg5 37. g3 fxg3 38. Kxg3 Kc5 39. Nc2 f5 40. exf5
Bxf5 41. Ne3 Be4 42. Kg4 Kd4 43. Nd1 Bxd5 44. Nc3 Bc6 45. Kxg5 Kd3 46. Nd1 d5
47. Kf4 Kc2 48. Ne3+ Kxb2 49. a4 c3 50. Nd1+ Kb3 0-1

[Event "AUTO-MASTER-1714"]
[Site "http://www.queenalice.com/game.php?id=1093791"]
[Date "2012.8.16"]
[Round "1"]
[White "rodriguesr"]
[Black "odairsmj"]
[Result "1-0"]
[WhiteElo "2180"]
[BlackElo "1973"]

1. d4 d5 2. c4 e6 3. Nc3 Nf6 4. Bg5 Be7 5. Nf3 O-O 6. e3 h6 7. Bh4 Nc6 8. Bd3 a6
9. O-O dxc4 10. Bxc4 b5 11. Be2 Bd6 12. Rc1 1-0

[Event "AUTO-MASTER-1714"]
[Site "http://www.queenalice.com/game.php?id=1093792"]
[Date "2012.8.16"]
[Round "1"]
[White "odairsmj"]
[Black "rodriguesr"]
[Result "0-1"]
[WhiteElo "1981"]
[BlackElo "2174"]

1. e4 c5 2. Nf3 d6 3. Bc4 e6 4. Nc3 Nf6 5. O-O a6 6. a3 b5 7. Ba2 Nbd7 8. b4
cxb4 9. axb4 Bb7 10. d3 Rc8 11. Ne2 Qc7 12. Bb3 Be7 0-1

[Event "Challenge"]
[Site "http://www.queenalice.com/game.php?id=1094468"]
[Date "2012.8.19"]
[Round "-"]
[White "TMG"]
[Black "rodriguesr"]
[Result "0-1"]
[WhiteElo "2255"]
[BlackElo "2186"]

1. e4 c5 2. Nf3 d6 3. d4 cxd4 4. Nxd4 Nf6 5. Nc3 a6 6. Bg5 e6 7. f4 Qb6 8. Qd2
Qxb2 9. Rb1 Qa3 10. f5 Nc6 11. fxe6 fxe6 12. Nxc6 bxc6 13. e5 dxe5 14. Bxf6 gxf6
15. Ne4 Be7 16. Be2 h5 17. Rf1 Qxa2 18. Rd1 f5 0-1

[Event "AUTO-MASTER-1734"]
[Site "http://www.queenalice.com/game.php?id=1103919"]
[Date "2012.9.17"]
[Round "1"]
[White "TheAlchemist"]
[Black "rodriguesr"]
[Result "1-0"]
[WhiteElo "2064"]
[BlackElo "2195"]

1. d4 d5 2. c4 e6 3. Nc3 Nf6 4. Nf3 Be7 5. Bg5 Nbd7 6. e3 O-O 7. Qc2 h6 8. Bh4
dxc4 9. Bxc4 c5 10. O-O Qc7 11. Rad1 cxd4 12. Rxd4 e5 13. Bg3 Nh5 14. Nb5 Qb6
15. Nxe5 Nxg3 16. Rxd7 Bxd7 17. Nxd7 Qc6 18. Nxf8 Nxf1 19. Qh7+ 1-0

[Event "AUTO-MASTER-1734"]
[Site "http://www.queenalice.com/game.php?id=1103920"]
[Date "2012.9.17"]
[Round "1"]
[White "rodriguesr"]
[Black "TheAlchemist"]
[Result "0-1"]
[WhiteElo "2186"]
[BlackElo "2140"]

1. d4 d5 2. c4 c6 3. Nc3 Nf6 4. Bg5 h6 5. Bh4 e6 6. e3 Nbd7 7. Nf3 Be7 8. Be2
O-O 9. O-O dxc4 10. Bxc4 b5 11. Bd3 a6 12. Rc1 c5 13. dxc5 Nxc5 14. Be2 Bb7 15.
a3 Qb6 16. b4 Nce4 17. Nxe4 Bxe4 18. Nd4 e5 19. Nf3 Qe6 20. Nd2 Rad8 21. Qe1 Bb7
22. Nf3 Ne4 23. Bxe7 Qxe7 24. Rc2 Rc8 25. Bd3 Rxc2 26. Bxc2 Rd8 27. Qa1 f6 28.
Rd1 g5 29. h3 h5 30. Bxe4 Bxe4 31. Nd2 Qd7 32. Qa2+ Kh8 33. f3 Bg6 34. Kf2 Qd3
35. e4 Kg7 36. Qe6 Rd6 37. Qa2 Bf7 38. Qb2 Be6 39. Qc1 g4 40. hxg4 hxg4 41. Qc7+
Kg6 42. Qc5 Bb3 0-1

[Event "AUTO-MASTER-1734"]
[Site "http://www.queenalice.com/game.php?id=1103931"]
[Date "2012.9.17"]
[Round "1"]
[White "Zardoz"]
[Black "rodriguesr"]
[Result "0-1"]
[WhiteElo "2107"]
[BlackElo "2181"]

1. Nf3 c6 2. d4 d5 3. Bf4 Nf6 4. Nbd2 e6 5. c4 Be7 6. e3 O-O 7. h3 Nbd7 8. Bd3
dxc4 9. Nxc4 Nd5 10. Bh2 N7f6 11. O-O b5 12. Nce5 Bb7 13. Rc1 Rc8 0-1

[Event "AUTO-MASTER-1734"]
[Site "http://www.queenalice.com/game.php?id=1103932"]
[Date "2012.9.17"]
[Round "1"]
[White "rodriguesr"]
[Black "Zardoz"]
[Result "0-1"]
[WhiteElo "2154"]
[BlackElo "2085"]

1. d4 Nf6 2. c4 g6 3. Nc3 Bg7 4. e4 d6 5. f3 O-O 6. Be3 e5 7. d5 c6 8. Nge2 a6
9. Nc1 cxd5 10. cxd5 Nh5 11. Nd3 f5 12. Be2 f4 13. Bf2 Qg5 14. O-O Nd7 15. Rc1
Ng3 16. Bxg3 fxg3 17. hxg3 Qxg3 18. Qd2 Nf6 19. Na4 Bh3 20. Bd1 Ng4 21. fxg4 Bh6
0-1

[Event "AUTO-MASTER-1734"]
[Site "http://www.queenalice.com/game.php?id=1103939"]
[Date "2012.9.17"]
[Round "1"]
[White "rodriguesr"]
[Black "colognestar"]
[Result "1-0"]
[WhiteElo "2198"]
[BlackElo "2006"]

1. d4 b6 2. c4 Bb7 3. Nc3 e6 4. e4 Bb4 5. f3 Ne7 6. Be3 O-O 7. Ne2 f5 8. e5 Ng6
9. Qd2 Nc6 10. Nc1 f4 11. Bf2 d6 12. exd6 cxd6 13. Bd3 Qg5 14. O-O e5 15. N1e2
1-0

[Event "AUTO-MASTER-1734"]
[Site "http://www.queenalice.com/game.php?id=1103940"]
[Date "2012.9.17"]
[Round "1"]
[White "colognestar"]
[Black "rodriguesr"]
[Result "0-1"]
[WhiteElo "2015"]
[BlackElo "2191"]

1. b3 d5 2. Bb2 c5 3. g3 e6 4. Bg2 Nf6 5. d3 Nc6 6. Nd2 Be7 7. e3 O-O 8. Ne2 b6
9. O-O Bb7 10. h3 Rc8 11. a3 Qc7 12. c4 dxc4 13. Nxc4 Rfd8 14. Qc2 Rd7 15. Rfd1
Rcd8 0-1

[Event "Challenge"]
[Site "http://www.queenalice.com/game.php?id=1104596"]
[Date "2012.9.19"]
[Round "-"]
[White "favos"]
[Black "rodriguesr"]
[Result "1/2-1/2"]
[WhiteElo "2094"]
[BlackElo "2147"]

1. d4 c6 2. c4 d5 3. e3 Nf6 4. Nc3 e6 5. Nf3 Be7 6. Be2 O-O 7. O-O Nbd7 8. b3 b6
9. Bb2 Bb7 10. Qc2 Rc8 11. Bd3 h6 12. e4 dxe4 13. Nxe4 c5 14. Nxf6+ Bxf6 15. Be4
Bxe4 16. Qxe4 cxd4 17. Bxd4 Bxd4 18. Qxd4 Qc7 19. Rfd1 Nf6 20. Rac1 Rfd8 21. Qe3
Rd6 22. Rxd6 Qxd6 23. h3 1/2-1/2

[Event "Challenge"]
[Site "http://www.queenalice.com/game.php?id=1111701"]
[Date "2012.10.12"]
[Round "-"]
[White "AlekinePb"]
[Black "rodriguesr"]
[Result "0-1"]
[WhiteElo "1910"]
[BlackElo "2182"]

1. d4 d5 2. Nf3 Nf6 3. c4 e6 4. Nc3 Be7 5. Bg5 O-O 6. e3 Nbd7 7. c5 b6 8. b4 c6
9. Bd3 b5 10. O-O Nh5 11. Bxe7 Qxe7 12. Ne5 Nxe5 13. dxe5 g6 14. a4 bxa4 15.
Nxa4 Qc7 16. b5 cxb5 17. Bxb5 Qxe5 18. Nb6 Rb8 19. Nd7 Bxd7 20. Bxd7 Qc7 21. c6
Nf6 22. Qd4 Nxd7 23. cxd7 Rb7 24. Ra6 Qxd7 25. Rfa1 Rfb8 26. h3 Qc7 27. g3 Rb1+
28. Kg2 Rxa1 29. Rxa1 Rb7 30. Qa4 Qb6 31. Qe8+ Kg7 32. Qa4 Qb2 33. Ra2 Qe5 34.
Qd4 Qxd4 35. exd4 Rb4 36. Rxa7 Rxd4 37. Rb7 Rd3 38. Ra7 h5 39. Rc7 Kf6 40. Ra7
g5 41. Ra6 Kf5 42. Ra4 f6 43. g4+ hxg4 44. hxg4+ Ke5 45. f3 d4 46. Kg3 Rc3 47.
Ra5+ Kd6 48. Ra6+ Kd5 49. Ra5+ Rc5 50. Ra3 Ke5 0-1

[Event "AUTO-ELITE-1063"]
[Site "http://www.queenalice.com/game.php?id=1112215"]
[Date "2012.10.13"]
[Round "1"]
[White "rodriguesr"]
[Black "araujox"]
[Result "0-1"]
[WhiteElo "2204"]
[BlackElo "2366"]

1. d4 Nf6 2. c4 e6 3. Nc3 d5 4. Bg5 Be7 5. Nf3 O-O 6. e3 Nbd7 7. Bd3 dxc4 8.
Bxc4 c5 9. O-O a6 10. a4 cxd4 11. exd4 Nb6 12. Bb3 Bd7 13. a5 Nbd5 14. Nxd5 Nxd5
15. Bxd5 exd5 16. Bxe7 Qxe7 17. Qb3 Qd6 18. Rfe1 f6 19. Nd2 Rae8 20. Ne4 Qe6 0-1

[Event "AUTO-ELITE-1063"]
[Site "http://www.queenalice.com/game.php?id=1112216"]
[Date "2012.10.13"]
[Round "1"]
[White "araujox"]
[Black "rodriguesr"]
[Result "1-0"]
[WhiteElo "2369"]
[BlackElo "2139"]

1. e4 c6 2. d4 d5 3. Nc3 dxe4 4. Nxe4 Bf5 5. Ng3 Bg6 6. Nf3 Nd7 7. h4 h6 8. Bc4
e6 9. h5 Bh7 10. Bd3 Bxd3 11. Qxd3 Ngf6 12. Bd2 Be7 13. O-O-O O-O 14. Kb1 c5 15.
Ne4 Nxe4 16. Qxe4 Qb6 17. Be3 Nf6 18. Qe5 Ng4 19. dxc5 Qc6 20. Qf4 Nxe3 21. fxe3
Bxc5 22. Ne5 Qb5 23. c4 Qb4 24. Nd7 Rfe8 25. Rhf1 Re7 26. g4 f6 27. Qe4 Rc8 28.
Nxf6+ gxf6 29. Rxf6 Rf8 30. Rg6+ 1-0

[Event "AUTO-ELITE-1063"]
[Site "http://www.queenalice.com/game.php?id=1112217"]
[Date "2012.10.13"]
[Round "1"]
[White "rodriguesr"]
[Black "sergiogvh"]
[Result "0-1"]
[WhiteElo "2153"]
[BlackElo "2358"]

1. d4 Nf6 2. c4 e5 3. dxe5 Ng4 4. Bf4 Nc6 5. Nf3 Bb4+ 6. Nbd2 Qe7 7. e3 Bxd2+ 8.
Qxd2 Ngxe5 9. Nxe5 Nxe5 10. Be2 d6 11. O-O Ng6 12. Bg3 O-O 13. Qc3 Be6 14. Rac1
Nh4 15. h3 Rad8 16. a3 Nf5 17. Bh2 Qg5 18. c5 Nh4 19. Bg3 dxc5 20. Qxc5 Qxc5 21.
Rxc5 Rd2 22. Bxh4 Rxe2 23. Rxc7 Rxb2 24. Be7 Re8 25. Bb4 Ra8 26. Rxb7 a5 0-1

[Event "AUTO-ELITE-1063"]
[Site "http://www.queenalice.com/game.php?id=1112218"]
[Date "2012.10.13"]
[Round "1"]
[White "sergiogvh"]
[Black "rodriguesr"]
[Result "1-0"]
[WhiteElo "2321"]
[BlackElo "2146"]

1. e4 c6 2. d4 d5 3. Nc3 dxe4 4. Nxe4 Bf5 5. Nc5 b6 6. Nb3 e6 7. Nf3 Bd6 8. g3
Ne7 9. Bg2 h6 10. O-O O-O 11. c3 Nd7 12. Re1 Rc8 13. Ne5 Qc7 14. Nc4 Nd5 15.
Nxd6 1-0

[Event "AUTO-MASTER-1777"]
[Site "http://www.queenalice.com/game.php?id=1127748"]
[Date "2012.12.2"]
[Round "1"]
[White "kandido"]
[Black "rodriguesr"]
[Result "1-0"]
[WhiteElo "2132"]
[BlackElo "2159"]

1. d4 d5 2. c4 e6 3. Nc3 Nf6 4. e3 c6 5. Qc2 Nbd7 6. cxd5 exd5 7. Bd3 Be7 8. Nf3
O-O 9. O-O Re8 10. b3 Nf8 11. Bb2 h6 12. Ne5 N8d7 13. f4 Nf8 14. h3 1-0

[Event "AUTO-MASTER-1777"]
[Site "http://www.queenalice.com/game.php?id=1127749"]
[Date "2012.12.2"]
[Round "1"]
[White "rodriguesr"]
[Black "kandido"]
[Result "0-1"]
[WhiteElo "2173"]
[BlackElo "2118"]

1. d4 Nf6 2. c4 e6 3. Nc3 Bb4 4. Qc2 Nc6 5. e3 d5 6. Nf3 Ne4 7. Bd3 f5 8. O-O
O-O 9. c5 Bxc3 10. bxc3 Ne7 11. Rb1 c6 12. c4 Qe8 13. Ne5 g5 0-1

[Event "AUTO-MASTER-1777"]
[Site "http://www.queenalice.com/game.php?id=1127760"]
[Date "2012.12.2"]
[Round "1"]
[White "EL_CHICO"]
[Black "rodriguesr"]
[Result "0-1"]
[WhiteElo "2185"]
[BlackElo "2140"]

1. Nf3 d5 2. d4 Nf6 3. c4 e6 4. Bg5 Be7 5. Nc3 h6 6. Bxf6 Bxf6 7. e4 dxe4 8.
Nxe4 Nc6 9. Be2 Bxd4 10. Qb3 Bf6 11. Bd3 O-O 12. Rd1 Qe7 13. a3 b6 14. O-O Bb7
15. Bb1 Rfd8 16. Nxf6+ Qxf6 17. Rfe1 Na5 18. Qc2 Bxf3 19. gxf3 g6 20. b4 Nc6 21.
Qe4 Nd4 22. Rd3 c5 23. f4 Qe7 24. Qe3 Nf5 25. Rxd8+ Rxd8 26. Bxf5 gxf5 27. b5
Kh7 28. Kh1 Qb7+ 29. f3 Qd7 30. Kg2 Qd2+ 31. Re2 Qxe3 32. Rxe3 Rd4 33. Rc3 Rxf4
34. Kg3 Rd4 35. h3 Kg6 36. h4 f6 37. f4 e5 38. fxe5 fxe5 0-1

[Event "AUTO-MASTER-1777"]
[Site "http://www.queenalice.com/game.php?id=1127761"]
[Date "2012.12.2"]
[Round "1"]
[White "rodriguesr"]
[Black "EL_CHICO"]
[Result "0-1"]
[WhiteElo "2197"]
[BlackElo "2102"]

1. d4 Nf6 2. c4 g6 3. Nc3 Bg7 4. e4 d6 5. Nf3 O-O 6. Be2 Nbd7 7. O-O e5 8. d5 c6
9. Be3 Ng4 10. Bg5 Qb6 11. Qc1 f6 12. Bd2 f5 13. Ng5 Nc5 14. f3 Nxe4+ 15. Kh1
Nef2+ 16. Rxf2 Nxf2+ 17. Kg1 Nd3+ 0-1

[Event "AUTO-MASTER-1777"]
[Site "http://www.queenalice.com/game.php?id=1127766"]
[Date "2012.12.2"]
[Round "1"]
[White "jtomasia"]
[Black "rodriguesr"]
[Result "0-1"]
[WhiteElo "2042"]
[BlackElo "2145"]

1. e4 c6 2. d4 d5 3. Nc3 dxe4 4. Nxe4 Bf5 5. Ng3 Bg6 6. Nf3 Nd7 7. h4 h6 8. h5
Bh7 9. Bd3 Bxd3 10. Qxd3 e6 11. Bf4 Qa5+ 12. c3 Ngf6 13. a3 Be7 14. O-O-O O-O
15. Rde1 Rfd8 16. Nf5 Bf8 17. Ne3 c5 18. Nc4 Qb5 0-1

[Event "AUTO-MASTER-1777"]
[Site "http://www.queenalice.com/game.php?id=1127767"]
[Date "2012.12.2"]
[Round "1"]
[White "rodriguesr"]
[Black "jtomasia"]
[Result "1-0"]
[WhiteElo "2134"]
[BlackElo "2175"]

1. d4 Nf6 2. c4 e6 3. Nc3 Bb4 4. e3 O-O 5. Bd3 d5 6. Nf3 Nc6 7. O-O a6 8. Bd2
Bd7 9. a3 Bxc3 10. Bxc3 Re8 11. Rc1 dxc4 12. Bxc4 1-0